Sports Quiz

Random Sports Quiz

Miami Dolphins Killer B's Defense Quiz Stats

Quiz not verified by Sporcle

Challenge
Share
Tweet
Embed
Score 0/8 Timer 02:00
0 Plays Today
% Correct
Lyle Blackwood
79.7%
Glenn Blackwood
79.7%
Kim Bokamper
75.8%
Bob Baumhower
69.9%
Doug Betters
68%
Bob Brudzinski
54.9%
Charles Bowser
25.5%
Bill Barnett
12.4%

You're not logged in!

Compare scores with friends on all Sporcle quizzes.
Join for Free
OR
Log In

You Might Also Like...

Show Comments

Extras

Top Quizzes Today


Score Distribution

Your Account Isn't Verified!

In order to create a playlist on Sporcle, you need to verify the email address you used during registration. Go to your Sporcle Settings to finish the process.

Report this User

Report this user for behavior that violates our Community Guidelines.

Details: